Quiz o województwie śląskim - Statystyki

Ogólne statystyki
  • Ten quiz został rozwiązany 135 razy
  • Średni wynik to 10 z 17
Statystyki odpowiedzi
Wskazówka Odpowiedź % Poprawnych
Państwa graniczące Czechy
98%
Siedziba rządów Katowice
97%
Województwa graniczące małopolskie
97%
Państwa graniczące Słowacja
97%
Województwa graniczące opolskie
95%
Województwa graniczące łódzkie
88%
Województwa graniczące świętokrzyskie
84%
Drugie najludniejsze miasto Częstochowa
80%
"Bad Königsdorff-Jastrzemb" to dawna niemiecka nazwa tego miasta Jastrzębie-Zdrój
76%
Miasto z największą powierzchnią Dąbrowa Górnicza
46%
Miasto z najwyższą stopą bezrobocia Bytom
45%
Liczba powiatów 17
40%
Państwo, w którym pierwszy raz powołano województwo śląskie II Rzeczpospolita
21%
Najbardziej zaludniony powiat Powiat {cieszyński}
17%
Wojewoda Jarosław Wieczorek
14%
W województwie śląskim jest najwięcej miast na __________ Prawach powiatu
13%
Poprzedni wojewoda Piotr Litwa
5%
Nie znaleziono quizów pasujących do podanych kryteriów
Rozkład punktacji
Procent ludzi z każdym wynikiem
Percentyl według liczby udzielonych odpowiedzi
Twoja historia wyników
Nie rozwiązałeś tego quizu